[Event "EU-ch U16 30th"]
[Site "Antalya"]
[Date "2022.11.09"]
[Round "4"]
[White "Darsadze, Nikoloz"]
[Black "Stankovic, Boris"]
[Result "1-0"]
[WhiteElo "1830"]
[BlackElo "2197"]
[PlyCount "46"]
[EventDate "2022.11.06"]
[EventType "swiss"]
[EventRounds "9"]
[EventCountry "TUR"]
[SourceTitle "EXT 2024"]
[Source "ChessBase"]
[SourceDate "2023.10.10"]
[SourceVersion "1"]
[SourceVersionDate "2023.10.10"]
[SourceQuality "1"]

1. d4 Nf6 2. c4 g6 3. Nc3 Bg7 4. e4 d6 5. Nf3 0-0 6. Be2 Na6 7. Bf4 Nh5 8. Bg5 Qe8 9. Qd2 e5 10. 0-0 c6 11. d5 c5 12. Ne1 Nf4 13. Bxf4 exf4 14. Qxf4 f5 15. Bd3 Be5 16. Qe3 f4 17. Qd2 g5 18. Nf3 Qh5 19. Nxe5 dxe5 20. f3 Rf6 21. h3 Qg6 22. Kf2 h5 23. Ke2 Kg7 1-0

[Event "GEO-ch 1st League 80th"]
[Site "Tbilisi"]
[Date "2021.04.02"]
[Round "5"]
[White "Darsadze, Nikoloz"]
[Black "Chkhaidze, Nikoloz"]
[Result "0-1"]
[WhiteElo "1694"]
[BlackElo "2307"]
[PlyCount "53"]
[EventDate "2021.03.29"]
[EventType "swiss"]
[EventRounds "9"]
[EventCountry "GEO"]
[SourceTitle "CBM 202 Extra"]
[Source "ChessBase"]
[SourceDate "2021.07.31"]
[SourceVersion "1"]
[SourceVersionDate "2021.07.31"]
[SourceQuality "1"]

1. d4 Nf6 2. Nf3 d6 3. Bf4 Nbd7 4. e3 Nh5 5. Bg3 Nxg3 6. hxg3 g6 7. Be2 Bg7 8. c4 c5 9. Nc3 cxd4 10. exd4 0-0 11. 0-0 e5 12. dxe5 dxe5 13. Rc1 Nc5 14. b4 Ne6 15. Qb3 h5 16. Rfd1 Nd4 17. Nxd4 exd4 18. Nd5 h4 19. gxh4 Qxh4 20. Bf3 Bf5 21. Re1 Rfe8 22. Nc7 Rxe1+ 23. Rxe1 Rd8 24. Nd5 d3 25. Rd1 Bd4 26. Rd2 Kg7 27. g3 0-1